000 00444nam a2200157Ia 4500
008 221030s9999 xx 000 0 und d
020 _a8174092243
041 _aEnglish
100 _aT. R. Banga
245 0 _aIndustrial Engineering Management Including Production Management
_cby T. R. Banga, S. C. Sharma
260 _bKhanna Pub.
_aNew Delhi
_c2014
300 _a1152
650 _aBE Management
700 _aS. C. Sharma
942 _cBK
999 _c17292
_d17292